Artificial Intelligence for Marketing Management

Guardado en:
Detalles Bibliográficos
Otros Autores: Thaichon, Park, Quach, Sara
Formato: Libro
Lenguaje:inglés
Publicado: Abingdon Routledge/Taylor & Francis Group 2023
Edición:1st Edition
Materias:
Etiquetas: Agregar Etiqueta
Sin Etiquetas, Sea el primero en etiquetar este registro!

MARC

LEADER 00000nam a2200000 4500
001 0304689
005 20250213092348.5
020 |a 978-1-032-24849-3 
020 |a 978-1-032-24848-6 
041 0 |a eng 
044 |a GB 
245 1 0 |a Artificial Intelligence for Marketing Management  |c edited by Park Thaichon and Sara Quach 
250 |a 1st Edition 
264 1 |a Abingdon  |b Routledge/Taylor & Francis Group  |c 2023 
300 |a 205 s. 
610 2 0 |a inteligencia umelá 
610 2 0 |a marketing manažment 
610 2 0 |a riadenie reťazcov dodávateľských 
610 2 0 |a zákazníci 
700 1 |a Thaichon, Park 
700 1 |a Quach, Sara